| 000 | 00785nam a2200229Ia 4500 | ||
|---|---|---|---|
| 003 | GCL | ||
| 008 | 140319s9999 xx 000 0 ara d | ||
| 040 |
_aGCL / _cGCL |
||
| 082 | 0 | 4 |
_a327.730569 _bك ر |
| 100 | 1 | _aكوكبورت , اندرو | |
| 245 | 1 | 0 |
_aالرابطة الخطره: العلاقات الخفية بين امريكا واسرائيل / _cكوكبورت , اندرو |
| 700 | 1 | _aاحمد صدقى مراد | |
| 260 |
_a[S.N] : _bالعربى للنشر والتوزيع |
||
| 300 | _a229 | ||
| 490 | _a | ||
| 650 | 0 | 4 | _aالولايات المتحدة الامريكية |
| 650 | 0 | 4 | _aاسرائيل |
| 650 | 0 | 4 | _aتاريخ حديث |
| 650 | 0 | 4 | _aالعلاقات الخارجية |
| 650 | 0 | 4 | _aاللاجئون الفلسطينيون |
| 942 |
_2ddc _cBK |
||
| 999 |
_c56234 _d56234 |
||